Statistics for NBA STARS .. WHICH COLLEGE ARE THEY FROM?

Click here to take the quiz!

General Stats

  • This quiz has been taken 49 times
  • The average score is 16 of 20

Answer Stats

HintAnswer% Correct
Kyrie IrvingDuke
97%
Zion WilliamsonDuke
97%
Anthony DavisKentucky
92%
Karl-Anthony TownsKentucky
90%
RJ BarrettDuke
87%
Joel EmbiidKansas
85%
Trae YoungOklahoma
85%
Jimmy ButlerMarquette
82%
Deandre AytonArizona
79%
Tyler HerroKentucky
79%
Chris PaulWake Forest
79%
Anthony EdwardsGeorgia
77%
De'Aaron FoxKentucky
77%
James HardenArizona St
74%
Julius RandleKentucky
74%
Damian LillardWeber St
74%
Jamal MurrayKentucky
69%
Fred VanVleetWichita St
62%
Klay ThompsonWashington St
59%
Lauri MarkkanenArizona
56%

Score Distribution

Percentile by Number Answered

Percent of People with Each Score

Your Score History

You have not taken this quiz